zpět

Detail výsledku týmu

Studio3, Most

Datum a čas kvízu

39 Celkem bodů Celkový počet nahraných bodů na tomto kvízu bez doplňovacích otázek.
3. Pořadí na kvízu Konečné umístění týmu na tomto kvízu.

Zaznamenané odpovědi

# Otázka Odpověď Body Výsledky
1. „Pro ___. Ne pro ___." Doplňte... vás; politiky 0.5
2. Americký ministr zdravotnictví... D 0
3. Ve čtvrtek vyšel trailer na no... bude černobílá 0
4. Kterou americkou komunikační p... WhatsApp 1
5. Na sociálních sítích jste mohl... B) krasobruslení 1
6. Hned v úvodu bod rozdělíme: za... Ulánbátar; Altaj 1
7. Z následujících možností vyber... A 1
8. Jak se jmenuje hudební skupina... The Hu 1
9. Tato obydlí se v Mongolsku ozn... jurta 1
10. Do Mongolska zasadila děj svéh... babičce 1